Elenca la formazione - Quiz n°107 - Statistics

Statistiche generali
  • Questo quiz è stato fatto 67 volte
  • Il punteggio medio è 8 su 11
Statistiche sulle risposte
Ruolo Nazione Calciatore % Corretto
Attaccante Argentina Sergio Agüero
96%
Centrocampista Costa d'Avorio Yaya Touré
91%
Trequartista Spagna David Silva
88%
Difensore Belgio Vincent Kompany
88%
Ala Inghilterra Raheem Sterling
82%
Difensore Argentina Nicolás Otamendi
79%
Ala Brasile Fernandinho
72%
Portiere Argentina Wilfredo Caballero
58%
Difensore Francia Bacary Sagna
56%
Centrocampista Brasile Fernando
51%
Difensore Francia Gaël Clichy
49%
Nessun quiz corrispondente trovato
Distribuzione punteggi
Percentuale di utenti per punteggio
Percentile per numero di risposta
I tuoi punteggi nel tempo
Non hai fatto questo quiz